Alfabeto Random in 15 secondi - Statistics

Statistiche generali
  • Questo quiz è stato fatto 396 volte
  • Il punteggio medio è 17 su 26
Statistiche sulle risposte
Hint Risposta % Corretto
U U
71%
Y Y
70%
B B
69%
J J
68%
R R
68%
G G
66%
L L
66%
N N
66%
W W
66%
M M
65%
O O
65%
T T
65%
E E
63%
H H
63%
S S
63%
F F
62%
I I
62%
P P
62%
X X
61%
Z Z
61%
A A
60%
K K
60%
C C
59%
D D
59%
Q Q
59%
V V
57%
Nessun quiz corrispondente trovato
Distribuzione punteggi
Percentuale di utenti per punteggio
Percentile per numero di risposta
I tuoi punteggi nel tempo
Non hai fatto questo quiz